000 00542nam a2200217Ia 4500
003 OSt
005 20220927114255.0
006 a|||||r|||| 00| 0
007 ta
008 220926b |||||||| |||| 00| 0 eng d
024 _a149603
037 _cTextbook
040 _aRTL
_cRTL
_beng
041 _2eng
_aeng
082 _a"Y, M5/TD"
100 _aLAL Brij V
_9388341
245 0 _aKunti's cry
_b Indentured women on fiji plantations
260 _c1985
942 _h"Y, M5/TD"
_cCC
999 _c704207
_d704207